000 00254nam a2200097Ia 4500
008 240331s9999 xx 000 0 und d
082 _bPRO
100 _aLogo. ed
245 0 _aProposed Educational Reforms 1982 :
_bLogos, Vol.21, No.1, March 1982
942 _cL
999 _c2963
_d2963